000 00816nac a2200229 i 4500
003 EG-ScBUE
005 20230607103645.0
008 101007s1974 ua a f 000 0 eeng d
040 _aEG-ScBUE
_beng
_erda
_cEG-ScBUE
_dEG-ScBUE
082 0 4 _a624.18341
_bBEH
_222
100 1 _aBehairy ,Shaker,
_eauthor.
_920174
245 1 0 _aReinforced concrete design handbook /
_bBy Dr. Shaker El Behairy, lecturer, Faculty of Engineering, Ain Shams University.
250 _aThird edition.
264 1 _a[Cairo] :
_b[Shaker El Behairy],
_c1974.
300 _a314 pages :
_billustrations ;
_c22 cm
336 _2rdacontent
_atext
_btxt
337 _2rdamedia
_aunmediated
_bn
338 _2rdacarrier
_avolume
_bnc
650 7 _aReinforced concrete construction.
_2BUEsh
_920175
655 _vReading book
942 _cBB
_2ddc
999 _c30462
_d30433